000 00638nam a22001937a 4500
999 _c166517
_d166517
005 20190726121110.0
010 _aUR-10291
020 _c150.00
_a9789388356589
035 _aU-8846
037 _bDBAD/PUB
082 _aک
100 _aآ شا پر بھا ت
245 _aا س و ہم کو ر ہنے د و
_cآ شا پر بھا ت
246 _bIs Waham Ko Rehne Do (Urdu)
_aby Asha Prabhat
260 _a Delhi
_bEducational Publishing House
_c2018 ء
270 _a3191,Vakil Street,Kucha Pandit Lal Kuan,
_bDelhi
_e110006
_k23216162
_l0091-1123211540
300 _a128 ص
_c22 Cm(Hb)
942 _2ddc
_cUR
_hک
_mآ ش ا